000
00298nam a2200109Ia 4500
008
230724s2010 xx und d
041
_a
eng
100
_a
REICHEL .A.,SCHULTZ.K.
245
_a
SCALE,OPEN CLOSE WINDOWSDOORS,GATESLOGGIAS,FILTERS
260
_b
BIRKHAUSER VERLAG
_c
2010
300
_a
175
999
_c
1177056
_d
1177056